States that beat Mississippi - Statistics

General Stats
  • This quiz has been taken 74 times
  • The average score is 7 of 15
Answer Stats
# Clue States % Correct
2 First to secede from the Union South Carolina
94%
2 Longest river that bears its name Missouri
75%
3 Most slaves in 1860 Georgia / Virginia
63%
2 Most opposition to LGBT protection laws Arkansas
57%
2 Lowest life expectancy West Virginia
57%
2 Most Protestant Alabama
52%
3 Closest state capital to the Mississippi River Louisiana / Minnesota
52%
4 Shortest coastline Connecticut / Delaware / New Hampshire
49%
4 Lowest highest point Delaware / Florida / Louisiana
48%
3 Highest murder rate Louisiana / Missouri
41%
3 Least populated southern state Delaware / West Virginia
38%
3 Highest incarceration rate Louisiana / Oklahoma
38%
3 Lowest % immigrant population Montana / West Virginia
33%
3 Highest death rate Maine / West Virginia
24%
2 Highest firearm death rate Alaska
17%
No matching quizzes found
Score Distribution
Percent of People with Each Score
Percentile by Number Answered
Your Score History
You have not taken this quiz